000 00788cam a22002057a 4500
001 000000998
003 DO-SdBNP
005 20251030121031.0
008 771005s1964 ve b 001 1 spa
040 _aDO-SdBNP
_bspa
_cBNPHU
082 4 _a320.987
_bL769t
100 1 _aLiscano, Juan,
_d1915-
_93478
245 1 0 _aTiempo desandado :
_bpolémicas, política y cultura /
_cJuan Liscano ; introducción, José Francisco Sucre.
260 _aCaracas :
_bEdiciones del Ministerio de Educación, Dirección de Cultura y Bellas Artes, Departamento de Publicaciones,
_c1964.
300 _av., 413 p. ;
_c22 cm.
500 _aLa biblioteca posee el tomo I
504 _a"Antecedentes bibliográficos": v. 1, p. [391]-396.
651 0 _aVenezuela
_zPolítica y gobierno
_926230
942 _2ddc
_cLBS1
999 _c978
_d978